Top 50 Easternmost Countries - Statistics

General Stats
  • This quiz has been taken 876 times
  • The average score is 41 of 50
Answer Stats
Rank Country % Correct
1 Russia
97%
12 Japan
96%
9 Australia
95%
14 China
95%
30 India
94%
2 New Zealand
94%
16 South Korea
93%
13 Indonesia
92%
21 Mongolia
91%
17 North Korea
91%
24 Vietnam
90%
25 Cambodia
89%
3 Fiji
89%
26 Laos
89%
22 Malaysia
89%
37 Pakistan
89%
33 Nepal
88%
20 Taiwan
88%
27 Thailand
88%
29 Myanmar
86%
28 Singapore
86%
32 Bhutan
85%
45 Iran
85%
5 Marshall Islands
85%
15 Palau
85%
8 Solomon Islands
85%
35 Sri Lanka
85%
38 Tajikistan
84%
43 Turkmenistan
84%
4 Tuvalu
84%
39 Afghanistan
83%
18 East Timor
83%
34 Kazakhstan
83%
11 Papua
83%
19 Philippines
83%
41 Uzbekistan
83%
23 Brunei
82%
10 Micronesia
82%
40 Maldives
81%
31 Bangladesh
80%
7 Vanuatu
80%
36 Kyrgyzstan
78%
46 Oman
73%
49 Saudi Arabia
69%
47 UAE
68%
50 Yemen
67%
42 United Kingdom
54%
48 Seychelles
50%
6 France
46%
44 Mauritius
42%
No matching quizzes found
Score Distribution
Percent of People with Each Score
Percentile by Number Answered
Your Score History
You have not taken this quiz